000 00283nam a22001337a 4500
020 _a81-7167-942-0
082 _a821
_bCHA/T
100 _aHARINDRANATH CHATTOPADHYAYA
245 _aTUKARAM
260 _aNEW DELHI
_bRUPA.CO
300 _a72
650 _aPOEM
_zNEW DELHI
942 _cBK
999 _c3967
_d3967